Emergentes: Itinerancia Argentina, Brasil, Chile, Colombia, México, Perú

محفوظ في:
التفاصيل البيبلوغرافية
التنسيق: كتاب
اللغة:الإسبانية
منشور في: Santiago Fundación Telefónica Chile 2009
الموضوعات:
الوسوم: إضافة وسم
لا توجد وسوم, كن أول من يضع وسما على هذه التسجيلة!

MARC

LEADER 00000nam a2200000 a 4500
001 UCG6984
003 CL-VaPUC
008 110609e20090900CL |||||||||||||||||spa|d
082 0 4 |a 709.04  |b EME  |2 21 
245 1 0 |a Emergentes: Itinerancia Argentina, Brasil, Chile, Colombia, México, Perú 
300 |a 80 p 
942 |c BK 
945 |d 20110609 00:00:00  |a dcastane 
260 |a Santiago  |b Fundación Telefónica Chile  |c 2009 
650 0 |a Arte contemporáneo  |9 338008 
650 0 |a Arte moderno  |9 265333 
650 0 |a Exposiciones de arte   |9 368328 
650 7 |a GALERIAS DE ARTE  |2 CL-VaPUC  |9 557498 
650 0 |a Crítica e interpretación   |9 255042 
650 0 |a Artistas chilenos  |9 344566 
583 |a last modification  |c 20110609 00:00:00  |k Rodrigo Vera 
999 |c 345089  |d 345087 
952 |0 0  |1 0  |4 0  |6 709_040000000000000_EME_2009  |7 0  |8 R  |9 443543  |a BIBART  |b BIBART  |d 2019-11-22  |i 4781945  |l 1  |o 709.04 EME 2009  |p 4781945  |r 2025-03-13  |s 2024-06-04  |w 2019-11-22  |y BK_R  |k ART